LDR 00648naa#a2200169#i#450# 001 EN\\bibl\121913 005 20260430062519.4 011 ## _a2072-9502 100 ## _a20260427b2026####ek#y0engy0150####ca 102 ## _aRU 200 1# _aIntelligent dynamic pricing model in cargo transportation automation systems _eJournal article 210 1# _aAstrakhan _cAstrakhan State Technical University _d2026 215 ## _a6 с. 608 ## _aJournal article _2local 675 ## _aИскусственный интеллект. 004.8 _aУправление грузовыми перевозками. 656.073 _z 700 #1 _aBokarev _gDmitriy Vyacheslavovich 856 4# _avestnik.astu.org _u